[Event "Scarborough CC Frost U1800"]
[Site "Toronto"]
[Date "2012.01.26"]
[Round "4"]
[White "Lin, William"]
[Black "Azmitia, Gabriel"]
[Result "0-1"]
[WhiteElo "1320"]
[BlackElo "1577"]
[PlyCount "103"]
[EventDate "2012.01.05"]
[EventType "swiss"]
[EventRounds "6"]
[EventCountry "CAN"]
[SourceTitle "EXT 2022"]
[Source "ChessBase"]
[SourceDate "2021.10.06"]
[SourceVersion "1"]
[SourceVersionDate "2021.10.06"]
[SourceQuality "1"]

1. e4 e5 2. f4 exf4 3. Nf3 g5 4. Bc4 Bg7 5. d4 d6 6. h3 Be6 7. d5 Bd7 8. 0-0 h6 9. Re1 f6 10. Nc3 Ne7 11. b3 0-0 12. Bb2 Be8 13. Be2 a6 14. Nd4 Bf7 15. Ne6 Bxe6 16. dxe6 c6 17. Bh5 a5 18. Bf7+ Kh8 19. Kh1 Qc7 20. Ba3 Rd8 21. Bb2 b5 22. a4 b4 23. Ne2 c5 24. c3 Nbc6 25. cxb4 Nxb4 26. Bc3 Rab8 27. h4 d5 28. hxg5 fxg5 29. Bxg7+ Kxg7 30. exd5 Rxd5 31. Qb1 Rd2 32. Qc1 Rc2 33. Qa3 Rd8 34. Rad1 Nbd5 35. Qa1+ Nf6 36. Rxd8 Qxd8 37. Qb1 Rd2 38. Nc3 Qd4 39. Ne4 Nxe4 40. Qxe4 Qf6 41. Qe5 Rd5 42. Qxf6+ Kxf6 43. Rc1 Re5 44. Kg1 Nc6 45. Rd1 Nd4 46. Rd3 Nxe6 47. Bxe6 Rxe6 48. Rd5 Rc6 49. Kh2 Ke6 50. Rd3 c4 51. bxc4 Rxc4 52. Ra3 0-1

[Event "Scarborough CC Frost U1800"]
[Site "Toronto"]
[Date "2012.01.12"]
[Round "2"]
[White "Wu, Mark"]
[Black "Lin, William"]
[Result "0-1"]
[WhiteElo "1151"]
[BlackElo "1320"]
[PlyCount "62"]
[EventDate "2012.01.05"]
[EventType "swiss"]
[EventRounds "6"]
[EventCountry "CAN"]
[SourceTitle "EXT 2022"]
[Source "ChessBase"]
[SourceDate "2021.10.06"]
[SourceVersion "1"]
[SourceVersionDate "2021.10.06"]
[SourceQuality "1"]

1. e4 e6 2. d4 d5 3. e5 c5 4. dxc5 Bxc5 5. Bb5+ Bd7 6. Bxd7+ Qxd7 7. Nf3 Ne7 8. 0-0 Nbc6 9. Re1 Qc7 10. Bf4 Qb6 11. Rf1 Qxb2 12. Nbd2 Qb6 13. Rb1 Qc7 14. Re1 Ng6 15. Bg3 Qd7 16. h3 b6 17. c4 0-0 18. cxd5 Qxd5 19. Nb3 Qxd1 20. Rbxd1 Bb4 21. Re2 h6 22. Rd4 Nxd4 23. Nbxd4 Bc5 24. Nc2 Rad8 25. Re1 Be7 26. Bh2 Rc8 27. Ncd4 Rfd8 28. g4 Bc5 29. Nc2 Bxf2+ 30. Kxf2 Rxc2+ 31. Re2 Rdc8 0-1

[Event "Scarborough CC Howard Ridout U1800"]
[Site "Toronto"]
[Date "2011.10.20"]
[Round "5"]
[White "Lin, William"]
[Black "Chen, George"]
[Result "1-0"]
[WhiteElo "1362"]
[BlackElo "1227"]
[PlyCount "111"]
[EventDate "2011.09.08"]
[EventType "swiss"]
[EventRounds "6"]
[EventCountry "CAN"]
[SourceTitle "EXT 2022"]
[Source "ChessBase"]
[SourceDate "2021.10.06"]
[SourceVersion "1"]
[SourceVersionDate "2021.10.06"]
[SourceQuality "1"]

1. e4 c5 2. Nf3 Nc6 3. d4 cxd4 4. Nxd4 Nf6 5. Nc3 e5 6. Nf3 Bb4 7. Bd3 0-0 8. Bd2 d6 9. 0-0 Bg4 10. a3 Ba5 11. b4 Bb6 12. Be2 Qd7 13. Bg5 Ne8 14. Bh4 Bxf3 15. Bxf3 Bd4 16. Qd3 Bxc3 17. Qxc3 Rc8 18. Qd3 Nd4 19. Rac1 Nxf3+ 20. Qxf3 Nc7 21. c4 b6 22. Qd3 Ne6 23. Bg3 Nd4 24. f4 f6 25. Bf2 Nc6 26. Rfd1 Rfd8 27. fxe5 fxe5 28. c5 bxc5 29. bxc5 Qg4 30. cxd6 h6 31. h3 Qd7 32. Kh1 Rf8 33. Bg3 Rfe8 34. Bf2 Red8 35. Qg3 Re8 36. Qg4 Re6 37. Rc5 Rd8 38. Rxc6 Kh7 39. Rc7 Qxc7 40. dxc7 Rxd1+ 41. Qxd1 Rc6 42. Qd7 Rc1+ 43. Kh2 a6 44. c8Q Rxc8 45. Qxc8 a5 46. Qa6 a4 47. Qxa4 Kg6 48. Qc6+ Kh7 49. a4 h5 50. a5 g6 51. a6 Kh6 52. Be3+ Kg7 53. a7 h4 54. a8Q g5 55. Qab7+ Kf8 56. Qcc8# 1-0

[Event "Scarborough CC Howard Ridout U1800"]
[Site "Toronto"]
[Date "2011.09.15"]
[Round "2"]
[White "Maurer, Hans"]
[Black "Lin, William"]
[Result "0-1"]
[WhiteElo "1018"]
[BlackElo "1362"]
[PlyCount "54"]
[EventDate "2011.09.08"]
[EventType "swiss"]
[EventRounds "6"]
[EventCountry "CAN"]
[SourceTitle "EXT 2022"]
[Source "ChessBase"]
[SourceDate "2021.10.06"]
[SourceVersion "1"]
[SourceVersionDate "2021.10.06"]
[SourceQuality "1"]

1. e4 e6 2. d4 d5 3. e5 c5 4. c3 Nc6 5. Nf3 Qb6 6. Be3 Qxb2 7. Nbd2 Qxc3 8. Rc1 Qa5 9. a4 c4 10. Qc2 Bb4 11. Bxc4 dxc4 12. Qxc4 Nge7 13. 0-0 Bxd2 14. Nxd2 Qd5 15. Nf3 Qxc4 16. Rxc4 b6 17. Ra1 Bb7 18. Rd1 0-0 19. Bg5 Rac8 20. h3 Ba6 21. Rc3 Nd5 22. Rdc1 Nxd4 23. Rxc8 Nxf3+ 24. gxf3 Rxc8 25. Rd1 Be2 26. Re1 Bxf3 27. Re3 Nxe3 0-1

[Event "Scarborough CC Spring Into Summer U1700"]
[Site "Toronto"]
[Date "2011.06.16"]
[Round "7"]
[White "Lin, William"]
[Black "Lin, Benjamin1111"]
[Result "1/2-1/2"]
[WhiteElo "1384"]
[BlackElo "1138"]
[PlyCount "90"]
[EventDate "2011.04.28"]
[EventType "swiss"]
[EventRounds "9"]
[EventCountry "CAN"]
[SourceTitle "EXT 2022"]
[Source "ChessBase"]
[SourceDate "2021.10.06"]
[SourceVersion "1"]
[SourceVersionDate "2021.10.06"]
[SourceQuality "1"]

1. e4 c5 2. Nf3 Nc6 3. Nc3 Nf6 4. Bc4 e6 5. 0-0 d6 6. Re1 Be7 7. e5 dxe5 8. Bb5 Bd7 9. Bxc6 Bxc6 10. Nxe5 Bd5 11. Nxd5 Nxd5 12. c3 0-0 13. d4 cxd4 14. Qxd4 Bf6 15. Qd3 Bxe5 16. Rxe5 Qf6 17. Re1 Rad8 18. Qg3 Qg6 19. Qxg6 hxg6 20. h3 Rfe8 21. Bg5 f6 22. Bh4 g5 23. Bg3 e5 24. f3 Kf7 25. Rad1 Nb6 26. b3 Ke6 27. c4 Kf5 28. Rxd8 Rxd8 29. Re2 Re8 30. Re4 Rd8 31. Re2 Rd1+ 32. Kh2 Rd8 33. Bf2 Re8 34. Bxb6 axb6 35. Rd2 e4 36. fxe4+ Rxe4 37. Kg3 Re3+ 38. Kf2 Re7 39. Rd5+ Ke6 40. g4 Rd7 41. Rb5 Rd6 42. Ke2 Ke7 43. a4 Ke6 44. b4 g6 45. Ke3 f5 1/2-1/2

[Event "Scarborough CC Spring Into Summer U1700"]
[Site "Toronto"]
[Date "2011.06.09"]
[Round "6"]
[White "Liao, Jacky"]
[Black "Lin, William"]
[Result "1-0"]
[WhiteElo "1222"]
[BlackElo "1384"]
[PlyCount "40"]
[EventDate "2011.04.28"]
[EventType "swiss"]
[EventRounds "9"]
[EventCountry "CAN"]
[SourceTitle "EXT 2022"]
[Source "ChessBase"]
[SourceDate "2021.10.06"]
[SourceVersion "1"]
[SourceVersionDate "2021.10.06"]
[SourceQuality "1"]

1. e4 e6 2. Nf3 d5 3. exd5 exd5 4. Be2 Nf6 5. 0-0 Bd6 6. Bb5+ c6 7. Ba4 0-0 8. Nc3 a5 9. Re1 b5 10. Nxb5 cxb5 11. Bxb5 Bg4 12. d4 Qc7 13. g3 Ne4 14. Qd3 Nc6 15. c3 Na7 16. Ba4 f5 17. Bb5 Bxf3 18. Qxf3 Qb7 19. g4 fxg4 20. Qxg4 Kh8 1-0